| 000 | 01962nam a2200289Ii 4500 | ||
|---|---|---|---|
| 001 | on1039599785 | ||
| 003 | OCoLC | ||
| 005 | 20250923114605.0 | ||
| 008 | 180612s2019 enka 000 0 eng d | ||
| 015 |
_aGBB8K3368 _2bnb |
||
| 016 | 7 |
_a019116306 _2Uk |
|
| 020 | _a1787133192 | ||
| 020 | _a9781787133198 | ||
| 035 | _a(OCoLC)1039599785 | ||
| 040 |
_aYDX _beng _erda _cYDX _dBDX _dUKMGB _dOCLCO _dOCLCQ _dOCLCF _dZHI _dIGA _dSSH _dCLE |
||
| 041 | _aeng | ||
| 050 | 4 |
_aGE196 _b.C55 2019 |
|
| 100 |
_aChillingsworth, Jen _eauthor _925749 |
||
| 245 | 1 | 0 |
_aLive green _b: 52 steps for a more sustainable life _c/ Jen Chillingsworth ; illustrations by Amelia Flower. |
| 264 | 1 |
_aLondon : _bQuadrille, an imprint of Hardie Grant Publishing, _c2019. |
|
| 300 |
_a157 pages : _bcolor illustrations ; _c17 cm. |
||
| 520 | _aMany of us are already making efforts to lead a greener lifestyle. We recycle, cut down on waste and plastics, choose organic produce when we shop, eat less meat, and select environmentally friendly cleaning products. Yet we often feel we should be doing more, and it can be daunting to know where to begin. Live Green is a practical guide offering 52 tips and simple changes you can introduce to your home and lifestyle over the course of a year. Covering every aspect of daily life – from your home and garden to cleaning routines, food, fashion, natural beauty, and even Christmas – this book provides all the tools you need to live more sustainably. Discover how to adjust everyday habits to let go of environmental guilt and embrace the joys of a slower, simpler life. From making your own eco-friendly cleaning products and enhancing your natural beauty routine to curating a capsule wardrobe and composting, you’ll learn how to live with greater intention. Live simply. Live green. | ||
| 650 | 0 |
_aSustainable living _910807 |
|
| 650 | 0 |
_aSelf-reliant living _925750 |
|
| 700 |
_aFlower, Amelia _eillustrator _925751 |
||
| 942 | _2lcc | ||
| 999 |
_c4855 _d4855 |
||